000 00676nam a2200193Ia 4500
003 GCL
008 140319s9999 xx 000 0 ara d
040 _aGCL /
_cGCL
082 0 4 _a953.075
_bا ح
100 1 _aابراهيم بيضون
245 1 0 _aالحجاز والدولة الاسلامية: دراسة فى اشكالية العلاقة مع السلطة المركزية فى القرن الاول الهجرى /
_cابراهيم بيضون
300 _a511 ص
490 _a100 قصة
_v0
650 0 4 _aتاريخ
650 0 4 _aالاسلام
650 0 4 _aشبه الجزيرة العربية
650 0 4 _aالتاريخ الاسلامى
942 _2ddc
_cBK
999 _c45855
_d45855